000 00785nam a22001457a 4500
020 _a978-1-4075-3897-6
082 _a823
_bRUG/C
100 _aKARIN GIST, REGINA HICKS, JULIE BROWN, PAUL BROWN
245 _aCAMP ROCK
_bTHE BOOK OF THE FILM
260 _aUNITED KINGDOM
_bPARRAGON
_c2008
300 _a140
520 _aMitchie, a stage-shy fourteen year old, loves to sing. So when her mum takes a job as a cook at a summer camp for aspiring rock stars, Mitchie is ecstatic. Before she has even picked a bunk, Mitchie's voice catches the attention of the two most popular campers - Tess, the reigning camp queen and Shane, a popstar and total hottie who is searching for his sound. It is shaping up to be the best summer ever!
650 _aTHE JUNIOR LEVEL
_zUNITED KINGDOM
942 _cBK
999 _c448
_d448